00505 2200193 4500001002100000005001500021008004100036020002200077035001900099041000700118082001100125090001700136100001900153245004900172260003300221300002700254500000600281650002400287INLIS00000000000232420241224112521241224||||||||| | ||| |||| || |  a978-602-70483-0-0 0010-1224002324 aid0 a612.67 a612.67 ZAE p0 aZaenuddin H. M00aRahasia Hidup Sehat 30 Orang Tertua Di Dunia aBogorbPustaka Inspirac2014 a328 hlm.; ilus.: 20 cm a1 0aPsikologi Kesehatan